000 00564nam a22001817a 4500
005 20260523163612.0
008 260523b |||||||| |||| 00| 0 eng d
020 _a9789360282660
_c3450.00
040 _aMAIN
041 _aEnglish
082 _a581.634
_bGAR
100 _aGarbyal, Satyawan Singh
_926910
245 _aTraditional Plant Wisdom of Dharchula
_b: The Sacred Kailash Region Uttarakhand
260 _aDehradun
_bBishan Singh Mahindra Pal Singh
_c2025
300 _a285
650 _aUttarakhand Collection : Himalaya Collection
_913
942 _cBK
999 _c60883
_d60883